| 000 | 00351nam a2200133Ia 4500 | ||
|---|---|---|---|
| 005 | 20260328104321.0 | ||
| 008 | 260328s9999||||xx |||||||||||||| ||und|| | ||
| 100 | _aAdjmi, Morris | ||
| 245 | 0 |
_aAldo Rossi : _bArchitecture 1981-1991 / _cMorris Adjmi |
|
| 260 | _bPrinceton Architectural Press | ||
| 300 | _a300 p. | ||
| 650 | _aAldo Rossi | ||
| 942 | _cBK | ||
| 999 |
_c11357 _d11357 |
||